[Event "Guillermo Garcia Memorial op 28th"]
[Site "Santa Clara"]
[Date "2019.04.26"]
[Round "4"]
[White "Bueno Gauna, Christian Alejandro"]
[Black "Cabrera Nunez, Ledaimys"]
[Result "1-0"]
[WhiteElo "2067"]
[BlackElo "1864"]
[PlyCount "59"]
[EventDate "2019.04.23"]
[EventType "swiss"]
[EventRounds "9"]
[EventCountry "CUB"]
[SourceTitle "EXT 2020"]
[Source "ChessBase"]
[SourceDate "2019.10.17"]
[SourceVersion "1"]
[SourceVersionDate "2019.10.17"]
[SourceQuality "1"]

1. b3 d6 2. Bb2 Nd7 3. c4 Ngf6 4. g3 g6 5. Bg2 Bg7 6. Nf3 c6 7. Nc3 Qc7 8. 0-0 0-0 9. Rc1 Rb8 10. d4 a6 11. e4 Re8 12. Qe2 e6 13. h3 Qa5 14. e5 dxe5 15. dxe5 Nh5 16. Rfe1 Nc5 17. Qe3 Bf8 18. g4 Ng7 19. Ng5 Be7 20. Qf4 Nd3 21. Qxf7+ Kh8 22. Nce4 Bxg5 23. Nd6 Nxc1 24. Nxe8 Qxe1+ 25. Bf1 Ne2+ 26. Kh2 Qxf2+ 27. Qxf2 Bf4+ 28. Kg2 Nxe8 29. Bxe2 g5 30. Qa7 1-0

[Event "Giraldilla de La Habana op"]
[Site "Havana"]
[Date "2018.08.02"]
[Round "8"]
[White "Cabrera Nunez, Ledaimys"]
[Black "Nistal Daisson, Alex"]
[Result "0-1"]
[WhiteElo "1927"]
[BlackElo "1774"]
[PlyCount "72"]
[EventDate "2018.07.28"]
[EventType "swiss"]
[EventRounds "9"]
[EventCountry "CUB"]
[SourceTitle "EXT 2021"]
[Source "ChessBase"]
[SourceDate "2020.10.23"]
[SourceVersion "1"]
[SourceVersionDate "2020.10.23"]
[SourceQuality "1"]

1. e4 c5 2. Nc3 d6 3. Bc4 e6 4. f4 a6 5. a4 g6 6. Nf3 Bg7 7. d3 Nc6 8. Be3 Nf6 9. Qe2 0-0 10. e5 Ng4 11. exd6 Nxe3 12. Qxe3 Nd4 13. Bb3 Nxb3 14. cxb3 Qxd6 15. Ne4 Qd5 16. 0-0 b6 17. Kh1 Qxb3 18. Ne5 Bb7 19. Nd7 Bxe4 20. Nxf8 Bc6 21. Nxh7 Kxh7 22. f5 exf5 23. Rf2 Bd4 24. Qh3+ Kg8 25. Rd2 Re8 26. Qg3 f4 27. Qg4 Kg7 28. Rf1 Be3 29. Rdd1 f5 30. Qe2 Qd5 31. h3 Rh8 32. Kh2 Qd6 33. Qe1 g5 34. Qc3+ Bd4 35. Qd2 Rxh3+ 36. gxh3 f3+ 0-1

[Event "Giraldilla de La Habana op"]
[Site "Havana"]
[Date "2018.07.28"]
[Round "2"]
[White "Gutierrez Espinosa, Karen"]
[Black "Cabrera Nunez, Ledaimys"]
[Result "1-0"]
[WhiteElo "2061"]
[BlackElo "1927"]
[PlyCount "49"]
[EventDate "2018.07.28"]
[EventType "swiss"]
[EventRounds "9"]
[EventCountry "CUB"]
[SourceTitle "EXT 2021"]
[Source "ChessBase"]
[SourceDate "2020.10.23"]
[SourceVersion "1"]
[SourceVersionDate "2020.10.23"]
[SourceQuality "1"]

1. e4 e6 2. d4 d5 3. Nd2 c5 4. exd5 exd5 5. dxc5 Bxc5 6. Nb3 Bb6 7. Nf3 Nc6 8. Be2 Be6 9. 0-0 Nge7 10. Bf4 Ng6 11. Bg3 Qf6 12. c3 0-0 13. Qd2 Rad8 14. Rad1 Rfe8 15. Nbd4 Bg4 16. Rfe1 h5 17. h3 Nxd4 18. Nxd4 Bxe2 19. Rxe2 h4 20. Bh2 Bxd4 21. cxd4 Qa6 22. Rxe8+ Rxe8 23. a3 Re2 24. Qg5 Qe6 25. Be5 1-0

[Event "Portela Memorial tt"]
[Site "Havana"]
[Date "2018.07.22"]
[Round "6.1"]
[White "Bencomo Bernal, Luis"]
[Black "Cabrera Nunez, Ledaimys"]
[Result "0-1"]
[WhiteElo "1967"]
[BlackElo "1927"]
[PlyCount "131"]
[EventDate "2018.07.16"]
[EventType "team-tourn"]
[EventRounds "9"]
[EventCountry "CUB"]
[SourceTitle "EXT 2021"]
[Source "ChessBase"]
[SourceDate "2020.10.23"]
[SourceVersion "1"]
[SourceVersionDate "2020.10.23"]
[SourceQuality "1"]

1. d4 g6 2. e4 Bg7 3. Nf3 d6 4. h3 a6 5. c3 b5 6. a4 bxa4 7. Rxa4 Bb7 8. Bd3 Nf6 9. Qe2 0-0 10. 0-0 Qc8 11. Nbd2 Nbd7 12. e5 Nd5 13. Nc4 N5b6 14. Ra5 Nxc4 15. Bxc4 Bxf3 16. Qxf3 dxe5 17. Bd5 Rb8 18. dxe5 Nxe5 19. Qe2 c6 20. Ba2 Rb5 21. Ra4 Re8 22. f4 Nd7 23. Bc4 Rb6 24. Be3 c5 25. Bxa6 Qc6 26. Raa1 Reb8 27. Ra2 e6 28. Bc4 Nf6 29. Qf2 Ne4 30. Qc2 Nd6 31. Be2 Nf5 32. Bf2 Rb3 33. Bc4 R3b7 34. Re1 Nd6 35. Be2 Qd5 36. Rea1 Rb3 37. Qd1 Ne4 38. Qxd5 exd5 39. Bf3 Nxf2 40. Kxf2 Rxb2+ 41. Rxb2 Rxb2+ 42. Kf1 Bxc3 43. Ra8+ Kg7 44. Bxd5 Bd4 45. Ke1 Rf2 46. g3 Rh2 47. Ra7 Rxh3 48. Rxf7+ Kh6 49. g4 g5 50. f5 Rg3 51. Rd7 Rxg4 52. Bg8 Bc3+ 53. Ke2 Re4+ 54. Kf3 Rf4+ 55. Kg2 Rxf5 56. Rxh7+ Kg6 57. Rh3 Bd4 58. Bh7+ Kf6 59. Bxf5 Kxf5 60. Ra3 Ke4 61. Kg3 c4 62. Kg4 Be3 63. Ra4 Kd3 64. Kf3 c3 65. Ra3 Bf4 66. Ra8 0-1

[Event "Portela Memorial tt"]
[Site "Havana"]
[Date "2018.07.20"]
[Round "4.2"]
[White "Cabrera Nunez, Ledaimys"]
[Black "De la Guardia Diaz, Susana Hilda"]
[Result "1-0"]
[WhiteElo "1927"]
[BlackElo "1951"]
[PlyCount "75"]
[EventDate "2018.07.16"]
[EventType "team-tourn"]
[EventRounds "9"]
[EventCountry "CUB"]
[SourceTitle "EXT 2021"]
[Source "ChessBase"]
[SourceDate "2020.10.23"]
[SourceVersion "1"]
[SourceVersionDate "2020.10.23"]
[SourceQuality "1"]

1. e4 e6 2. d3 d5 3. Nd2 Nf6 4. g3 c5 5. Bg2 Nc6 6. c3 Ne5 7. Ndf3 Nxf3+ 8. Bxf3 dxe4 9. dxe4 Qxd1+ 10. Kxd1 e5 11. h3 Bd7 12. Bg2 0-0-0 13. Ke1 Bc6 14. f3 Be7 15. Bf1 h6 16. Bc4 Rhf8 17. a4 Nh5 18. Ne2 Bg5 19. Rg1 Bxc1 20. Nxc1 Kc7 21. Nd3 b6 22. Nxe5 Be8 23. b3 f6 24. Nd3 g5 25. a5 Bd7 26. axb6+ axb6 27. b4 cxb4 28. Nxb4 Bc6 29. Ra7+ Kd6 30. Bf7 Be8 31. Bxh5 Bxh5 32. g4 Bf7 33. Kf2 Be6 34. Rd1+ Kc5 35. Rc7+ Kb5 36. Rb1 Rc8 37. Nc2+ Ka6 38. Ra1+ 1-0

[Event "Portela Memorial tt"]
[Site "Havana"]
[Date "2018.07.19"]
[Round "3.4"]
[White "Otero Marino, Alain"]
[Black "Cabrera Nunez, Ledaimys"]
[Result "1-0"]
[WhiteElo "1953"]
[BlackElo "1927"]
[PlyCount "59"]
[EventDate "2018.07.16"]
[EventType "team-tourn"]
[EventRounds "9"]
[EventCountry "CUB"]
[SourceTitle "EXT 2021"]
[Source "ChessBase"]
[SourceDate "2020.10.23"]
[SourceVersion "1"]
[SourceVersionDate "2020.10.23"]
[SourceQuality "1"]

1. e4 g6 2. d4 Bg7 3. Nc3 a6 4. f4 d6 5. Nf3 Bg4 6. Be3 Nd7 7. h3 Bxf3 8. Qxf3 c5 9. dxc5 Nxc5 10. Bxc5 dxc5 11. e5 Rb8 12. Qd3 h5 13. 0-0-0 e6 14. Qc4 Qh4 15. Ne2 Qe7 16. Qa4+ Kf8 17. g3 Nh6 18. Bg2 Nf5 19. Rd3 g5 20. Rhd1 gxf4 21. gxf4 Qh4 22. Be4 Nd4 23. Nxd4 Qxf4+ 24. Kb1 cxd4 25. Qxd4 Bxe5 26. Qb4+ Kg7 27. Rg1+ Kh6 28. Rf3 Qh2 29. Qe1 Bd4 30. Qc1+ 1-0

[Event "Portela Memorial tt"]
[Site "Havana"]
[Date "2018.07.17"]
[Round "2.3"]
[White "Cabrera Nunez, Ledaimys"]
[Black "Robert Portal, Victor Luis"]
[Result "1-0"]
[WhiteElo "1927"]
[BlackElo "1914"]
[PlyCount "43"]
[EventDate "2018.07.16"]
[EventType "team-tourn"]
[EventRounds "9"]
[EventCountry "CUB"]
[SourceTitle "EXT 2021"]
[Source "ChessBase"]
[SourceDate "2020.10.23"]
[SourceVersion "1"]
[SourceVersionDate "2020.10.23"]
[SourceQuality "1"]

1. e4 g6 2. Nf3 Bg7 3. d4 c5 4. c3 cxd4 5. cxd4 d5 6. exd5 Qxd5 7. Nc3 Qa5 8. Qb3 Nf6 9. Ne5 0-0 10. Bc4 e6 11. 0-0 a6 12. a4 Qc7 13. Be3 Nc6 14. Nxc6 bxc6 15. Rac1 Rb8 16. Qa3 Ng4 17. g3 Nxe3 18. fxe3 Qb6 19. b3 e5 20. Rxf7 Rxf7 21. Qe7 Rb7 22. Bxf7+ 1-0

[Event "Guillermo Garcia Memorial op 26th"]
[Site "Santa Clara"]
[Date "2017.05.20"]
[Round "5"]
[White "Batista Suarez, Jeorling Yahytin"]
[Black "Cabrera Nunez, Ledaimys"]
[Result "1-0"]
[WhiteElo "2312"]
[BlackElo "1931"]
[PlyCount "127"]
[EventDate "2017.05.16"]
[EventType "swiss"]
[EventRounds "9"]
[EventCountry "CUB"]
[SourceTitle "CBM 178 Extra"]
[Source "ChessBase"]
[SourceDate "2017.06.22"]
[SourceVersion "1"]
[SourceVersionDate "2017.06.22"]
[SourceQuality "1"]

1. e4 g6 2. Nf3 Bg7 3. d4 d6 4. Nc3 a6 5. a4 Bg4 6. Be3 Nd7 7. Be2 e6 8. 0-0 Ne7 9. Qd2 h6 10. Rad1 Rc8 11. Ne1 Bxe2 12. Nxe2 d5 13. exd5 Nxd5 14. c4 Nxe3 15. fxe3 Nf6 16. b4 Qe7 17. Nd3 Ne4 18. Qc2 0-0 19. Ndf4 Ng5 20. Nd3 c6 21. Qb2 Rfe8 22. Ne5 Bxe5 23. dxe5 c5 24. b5 Red8 25. Ng3 axb5 26. axb5 Rc7 27. Qf2 Rcd7 28. Rxd7 Rxd7 29. h4 Nh7 30. Ne4 b6 31. Ra1 Kg7 32. Qf4 g5 33. hxg5 Nxg5 34. Nf6 Rd8 35. Rf1 Rd2 36. Qg3 Qb7 37. Rf4 Qa8 38. Rg4 Kf8 39. Rxg5 hxg5 40. Qxg5 Rd1+ 41. Kh2 Qd8 42. Kg3 Rd3 43. Kf4 Ke7 44. g4 Rd1 45. Qh4 Rf1+ 46. Kg3 Rc1 47. Ne4+ Kd7 48. Qh7 Qe7 49. Qg8 Rd1 50. Nf6+ Kc7 51. Qa8 Qd8 52. Qa7+ Kc8 53. Qxf7 Rg1+ 54. Kf4 Qc7 55. Qxe6+ Kb8 56. Nd5 Rf1+ 57. Kg3 Qb7 58. Qd6+ Ka7 59. e6 Rh1 60. e7 Rh8 61. e4 Ka8 62. Qd8+ Qb8+ 63. Qxb8+ Kxb8 64. Nf6 1-0

[Event "CUB-ch U18 Girls"]
[Site "San Nicolas de Bari"]
[Date "2012.04.18"]
[Round "8"]
[White "Cabrera Nunez, Ledaimys"]
[Black "Becerra Licor, Keilyn"]
[Result "1-0"]
[WhiteElo "1882"]
[BlackElo "1897"]
[PlyCount "101"]
[EventDate "2012.04.15"]
[EventType "swiss"]
[EventRounds "9"]
[EventCountry "CUB"]
[SourceTitle "CBM 148 Extra"]
[Source "ChessBase"]
[SourceDate "2012.06.22"]
[SourceVersion "1"]
[SourceVersionDate "2012.06.22"]
[SourceQuality "1"]

1. e4 e5 2. Nf3 Nc6 3. d4 exd4 4. Nxd4 Bc5 5. Be3 Qf6 6. c3 Nge7 7. Bc4 Ne5 8. Be2 0-0 9. 0-0 d6 10. b4 Bb6 11. f4 N5g6 12. Qd3 h6 13. Nb5 Bxe3+ 14. Qxe3 Bd7 15. Nxc7 Rac8 16. Nb5 a6 17. Nd4 Rfe8 18. Qd2 Nc6 19. f5 Nge5 20. Na3 Rc7 21. Rac1 b5 22. Naxb5 axb5 23. Nxb5 Ra7 24. Nxa7 Nxa7 25. Rfd1 Ba4 26. Re1 Rc8 27. c4 Nac6 28. b5 Nd4 29. Kh1 Nxe2 30. Qxe2 Qh4 31. Rf1 Ng4 32. h3 Nf6 33. Rfe1 Re8 34. Qf3 Nxe4 35. Kh2 Kh7 36. g3 Qe7 37. Kg2 Qe5 38. Re2 Qd4 39. Qe3 Qe5 40. Rce1 Qxf5 41. Qd3 d5 42. Qxd5 Re5 43. Qd3 Nf6 44. Qxf5+ Rxf5 45. Rb2 Rc5 46. Rc1 Nd7 47. Rb4 Nb6 48. Kf2 Kg6 49. Ke2 Rxc4 50. Rcxc4 Nxc4 51. Rxa4 1-0

[Event "CUB-ch U18 Girls"]
[Site "San Nicolas de Bari"]
[Date "2012.04.15"]
[Round "1"]
[White "Cabrera Nunez, Ledaimys"]
[Black "Sanchez Ones, Yeny"]
[Result "0-1"]
[WhiteElo "1882"]
[BlackElo "2005"]
[PlyCount "90"]
[EventDate "2012.04.15"]
[EventType "swiss"]
[EventRounds "9"]
[EventCountry "CUB"]
[SourceTitle "CBM 148 Extra"]
[Source "ChessBase"]
[SourceDate "2012.06.22"]
[SourceVersion "1"]
[SourceVersionDate "2012.06.22"]
[SourceQuality "1"]

1. e4 c5 2. Nf3 d6 3. d4 cxd4 4. Nxd4 Nf6 5. Nc3 a6 6. f3 e6 7. Be3 b5 8. g4 Bb7 9. Qd2 Nfd7 10. 0-0-0 Nb6 11. a3 N8d7 12. Qf2 Rc8 13. h4 Rxc3 14. bxc3 d5 15. e5 Bxa3+ 16. Kd2 Qc7 17. Bxb5 axb5 18. Nxb5 Nc4+ 19. Ke2 Qc6 20. Nd4 Qa6 21. Rb1 Bb2 22. Qe1 0-0 23. Kf2 Ndxe5 24. Bf4 Nd7 25. Bc1 Bxc1 26. Qxc1 Qa7 27. Kg2 e5 28. Nf5 e4 29. Qg5 exf3+ 30. Kxf3 g6 31. Ne7+ Kh8 32. Kg3 Nd6 33. Qf4 Ne4+ 34. Kh2 Ndf6 35. Rhf1 Ba6 36. Qe5 Bxf1 37. Rxf1 Qb8 38. Qxb8 Rxb8 39. g5 Ng4+ 40. Kg1 Kg7 41. Nxd5 Rb2 42. Rf4 Ngf2 43. Nb4 Nh3+ 44. Kg2 Nxf4+ 45. Kf3 Nxc3 0-1

[Event "Havana Province-ch sf 1st Cat (Women)"]
[Site "Havana"]
[Date "2010.09.24"]
[Round "1"]
[White "Cabrera Nunez, Ledaimys"]
[Black "Pages Roman, Seidy"]
[Result "0-1"]
[WhiteElo "1984"]
[BlackElo "1973"]
[PlyCount "64"]
[EventDate "2010.09.24"]
[EventType "tourn"]
[EventRounds "7"]
[EventCountry "CUB"]
[EventCategory "1"]
[SourceTitle "EXT 2019"]
[Source "ChessBase"]
[SourceDate "2018.10.10"]
[SourceVersion "1"]
[SourceVersionDate "2018.10.10"]
[SourceQuality "1"]

1. e4 e5 2. Nf3 Nc6 3. d4 exd4 4. Nxd4 Bc5 5. Be3 Qf6 6. c3 Nge7 7. Be2 0-0 8. 0-0 d5 9. Nxc6 Qxc6 10. exd5 Nxd5 11. Bxc5 Qxc5 12. b4 Qd6 13. Qc2 Qf6 14. Bf3 Bf5 15. Qb3 Nf4 16. Bxb7 Qg5 17. Qb2 Rab8 18. Bc6 Rb6 19. Bf3 Bh3 20. g3 Bxf1 21. Kxf1 Nd3 22. Qe2 Ne5 23. Nd2 Nxf3 24. Nxf3 Qh5 25. Kg2 Re6 26. Qc4 Rf6 27. g4 Qg6 28. Ne5 Qg5 29. Nd7 Rf4 30. Qc5 Qxg4+ 31. Kf1 Qxd7 32. a4 Qd3+ 0-1

[Event "Havana Province-ch sf (Women)"]
[Site "Havana"]
[Date "2009.09.22"]
[Round "4"]
[White "Sanchez Pena, Eylin"]
[Black "Cabrera Nunez, Ledaimys"]
[Result "0-1"]
[WhiteElo "1998"]
[BlackElo "1986"]
[PlyCount "104"]
[EventDate "2009.09.19"]
[EventType "swiss"]
[EventRounds "9"]
[EventCountry "CUB"]
[EventCategory "1"]
[SourceTitle "EXT 2012"]
[Source "ChessBase"]
[SourceDate "2011.11.24"]
[SourceVersion "1"]
[SourceVersionDate "2011.11.24"]
[SourceQuality "1"]

1. e4 e6 2. d4 d5 3. exd5 exd5 4. c4 Nc6 5. Nf3 Bg4 6. Nc3 Bb4 7. Be2 Nge7 8. 0-0 Bxf3 9. Bxf3 dxc4 10. d5 Ne5 11. Qa4+ Qd7 12. Qxb4 0-0 13. Bf4 Nxf3+ 14. gxf3 Ng6 15. Qxc4 Qh3 16. Bg3 h5 17. Ne4 Qf5 18. Nd2 Qf6 19. Rab1 h4 20. Ne4 Qf5 21. Bxc7 Rac8 22. d6 Ne5 23. Qc5 Nxf3+ 24. Kh1 Qxe4 25. Qe3 Qxe3 26. fxe3 Nd2 27. Rbd1 Nxf1 28. Rxf1 f6 29. Rd1 b6 30. d7 Rxc7 31. d8Q Rxd8 32. Rxd8+ Kf7 33. b3 Ke7 34. Rh8 g5 35. e4 Rc1+ 36. Kg2 Rc2+ 37. Kf3 Rxa2 38. Kg4 Kf7 39. h3 Rf2 40. e5 Rg2+ 41. Kf5 fxe5 42. Rh7+ Kg8 43. Rxa7 Rg3 44. Kg6 Kf8 45. Kf6 Rf3+ 46. Kxe5 Rxb3 47. Kf6 Rf3+ 48. Kxg5 Rxh3 49. Ra4 b5 50. Rb4 Rc3 51. Kxh4 Rc4+ 52. Rxc4 bxc4 0-1

[Event "Havana Giraldilla Talents op 3rd"]
[Site "Havana"]
[Date "2009.08.21"]
[Round "8"]
[White "Cabrera Nunez, Ledaimys"]
[Black "Rodriguez Caballero, Mayrelis"]
[Result "0-1"]
[WhiteElo "2003"]
[BlackElo "1946"]
[PlyCount "104"]
[EventDate "2009.08.14"]
[EventType "swiss"]
[EventRounds "9"]
[EventCountry "CUB"]
[EventCategory "1"]
[SourceTitle "EXT 2012"]
[Source "ChessBase"]
[SourceDate "2011.11.24"]
[SourceVersion "1"]
[SourceVersionDate "2011.11.24"]
[SourceQuality "1"]

1. e4 e5 2. Nf3 Nc6 3. d4 exd4 4. Nxd4 Qf6 5. c3 Bc5 6. Be3 Nge7 7. Be2 Bb6 8. 0-0 d6 9. Nb5 0-0 10. Bxb6 cxb6 11. Qxd6 Be6 12. Qg3 Rad8 13. f4 a6 14. N5a3 Qg6 15. f5 Qxg3 16. hxg3 Bc8 17. Nc4 b5 18. Ne3 Ne5 19. Rd1 Rxd1+ 20. Nxd1 Rd8 21. Na3 Rd2 22. Bf3 N7c6 23. Nb1 Nxf3+ 24. Kf1 Rxd1+ 25. Ke2 Rh1 26. Kxf3 Ne5+ 27. Ke2 Nc4 28. Kd3 Nxb2+ 29. Kc2 Nc4 30. g4 b6 31. a3 Bb7 32. Kb3 Nd2+ 33. Kb2 Nxb1 34. Rxb1 Rxb1+ 35. Kxb1 Bxe4+ 36. Kc1 Bxg2 37. Kd2 Bf3 38. Ke3 Bxg4 39. Kf4 Be2 40. Ke5 f6+ 41. Kf4 a5 42. Ke3 Bc4 43. Kf4 Kf7 44. Ke4 g6 45. Kf4 g5+ 46. Ke4 h5 47. Ke3 h4 48. Ke4 g4 49. Kf4 g3 50. Kf3 Bd5+ 51. Ke2 h3 52. Kf1 h2 0-1